[Event "IECC KO-4022"]
[Site "IECC email"]
[Date "2007.05.16"]
[Round "?"]
[White "Dayants, Vladimir"]
[Black "Porkolab, Sandor"]
[Result "1-0"]
[WhiteElo "2110"]
[BlackElo "2066"]
[PlyCount "27"]
[EventDate "2006.??.??"]
[EventType "match (corr)"]
[EventRounds "2"]
[SourceTitle "Corr 2020"]
[Source "ChessBase"]
[SourceDate "2019.09.30"]
[SourceVersion "1"]
[SourceVersionDate "2019.09.30"]
[SourceQuality "1"]
[WhiteTeam "Armenia"]
[BlackTeam "Hungary"]
[WhiteTeamCountry "ARM"]
[BlackTeamCountry "HUN"]

1. e4 c5 2. Nf3 d6 3. d4 cxd4 4. Nxd4 Nf6 5. Nc3 a6 6. Be2 e6 7. 0-0 Qc7 8. f4 Be7 9. Be3 Nc6 10. Qe1 0-0 11. Qg3 Nxd4 12. Bxd4 b5 13. a3 Bb7 14. Kh1 1-0

[Event "IECC KO-4022"]
[Site "IECC email"]
[Date "2007.05.16"]
[Round "?"]
[White "Porkolab, Sandor"]
[Black "Dayants, Vladimir"]
[Result "0-1"]
[WhiteElo "2082"]
[BlackElo "2094"]
[PlyCount "28"]
[EventDate "2006.??.??"]
[EventType "match (corr)"]
[EventRounds "2"]
[SourceTitle "Corr 2020"]
[Source "ChessBase"]
[SourceDate "2019.09.30"]
[SourceVersion "1"]
[SourceVersionDate "2019.09.30"]
[SourceQuality "1"]
[WhiteTeam "Hungary"]
[BlackTeam "Armenia"]
[WhiteTeamCountry "HUN"]
[BlackTeamCountry "ARM"]

1. e4 e5 2. Nf3 Nc6 3. Bc4 Nf6 4. d3 Be7 5. 0-0 0-0 6. Bb3 d6 7. c3 Na5 8. Bc2 c5 9. Nbd2 Nc6 10. h3 Rb8 11. a4 a6 12. Nc4 b5 13. axb5 axb5 14. Ne3 d5 0-1

[Event "IECC CL2-2006.10 email"]
[Site "IECC email"]
[Date "2006.10.03"]
[Round "?"]
[White "Dayants, Vladimir"]
[Black "Dvoinikov, Andrey Nikolaevich"]
[Result "0-1"]
[WhiteElo "2104"]
[BlackElo "2000"]
[PlyCount "48"]
[EventDate "2006.??.??"]
[EventType "tourn (corr)"]
[EventRounds "4"]
[SourceTitle "Corr 2015"]
[Source "ChessBase"]
[SourceDate "2015.07.17"]
[SourceVersion "1"]
[SourceVersionDate "2015.07.17"]
[SourceQuality "1"]
[WhiteTeam "Armenia"]
[BlackTeam "Russia"]
[WhiteTeamCountry "ARM"]
[BlackTeamCountry "RUS"]

1. e4 c5 2. Nf3 d6 3. d4 cxd4 4. Nxd4 Nf6 5. Nc3 a6 6. Be2 e5 7. Nb3 Be7 8. 0-0 0-0 9. Qd3 Be6 10. Nd5 Nbd7 11. Be3 Bxd5 12. exd5 Ne8 13. Qf5 g6 14. Qh3 f5 15. f4 Rc8 16. c4 exf4 17. Bxf4 Bg5 18. Nd4 Bxf4 19. Rxf4 Nef6 20. b3 Qb6 21. Kh1 Ne4 22. Rd1 Rce8 23. Qe3 Ndc5 24. Qd2 Nxd2 0-1

[Event "IECC CL1-2006.03 email"]
[Site "IECC email"]
[Date "2006.03.20"]
[Round "?"]
[White "Vroom, Gerard"]
[Black "Dayants, Vladimir"]
[Result "0-1"]
[WhiteElo "2206"]
[BlackElo "2094"]
[PlyCount "106"]
[EventDate "2006.??.??"]
[EventType "tourn (corr)"]
[EventRounds "4"]
[SourceTitle "Corr 2015"]
[Source "ChessBase"]
[SourceDate "2015.07.17"]
[SourceVersion "1"]
[SourceVersionDate "2015.07.17"]
[SourceQuality "1"]
[WhiteTeam "Netherlands"]
[BlackTeam "Armenia"]
[WhiteTeamCountry "NED"]
[BlackTeamCountry "ARM"]

1. e4 e5 2. Nf3 Nc6 3. Bb5 g6 4. c3 Bg7 5. 0-0 Nge7 6. d4 exd4 7. cxd4 d5 8. exd5 Nxd5 9. Re1+ Be6 10. Bg5 Qd7 11. Nc3 Nxc3 12. bxc3 0-0 13. Ba4 Bd5 14. Rb1 Qf5 15. Bh4 b6 16. Nd2 Na5 17. Bc2 Qd7 18. Re7 Qc6 19. Be4 Bxe4 20. Nxe4 f5 21. Ng5 Bf6 22. Re6 Qc4 23. Qe1 h6 24. Nh7 Bxh4 25. Nxf8 Rxf8 26. Rxg6+ Kh7 27. Qe6 Qxe6 28. Rxe6 Bf6 29. Rb5 Kg6 30. Rd5 Rf7 31. Rd8 Kg7 32. Rc8 Rd7 33. h3 Kf7 34. Ree8 Nb7 35. Rf8+ Kg7 36. Rg8+ Kh7 37. Rgf8 Nd6 38. Ra8 Kg6 39. h4 Bxh4 40. Rg8+ Kf7 41. Raf8+ Ke6 42. Rg6+ Kd5 43. Rxh6 Bg5 44. Rh3 Kc4 45. Rfh8 c6 46. R3h7 Rxh7 47. Rxh7 Bd2 48. Rd7 Nb5 49. Kf1 Bxc3 50. d5 cxd5 51. a4 a5 52. Rb7 Na3 53. Rxb6 d4 0-1

[Event "IECC CL2-2006.03 email"]
[Site "IECC email"]
[Date "2006.03.08"]
[Round "?"]
[White "Lewis, Matthew"]
[Black "Dayants, Vladimir"]
[Result "1-0"]
[WhiteElo "2058"]
[BlackElo "2107"]
[PlyCount "97"]
[EventDate "2006.??.??"]
[EventType "tourn (corr)"]
[EventRounds "4"]
[SourceTitle "Corr 2015"]
[Source "ChessBase"]
[SourceDate "2015.07.17"]
[SourceVersion "1"]
[SourceVersionDate "2015.07.17"]
[SourceQuality "1"]
[WhiteTeam "US of America"]
[BlackTeam "Armenia"]
[WhiteTeamCountry "USA"]
[BlackTeamCountry "ARM"]

1. e4 e5 2. Nf3 Nc6 3. Bc4 Nf6 4. d3 Be7 5. 0-0 0-0 6. Re1 d6 7. a4 Bg4 8. h3 Bh5 9. g4 Bg6 10. Nc3 Nd7 11. Be3 Nb4 12. a5 c6 13. Ra4 Na6 14. Bxa6 bxa6 15. Rc4 Rc8 16. Qe2 Re8 17. Rd1 Qc7 18. Nd5 Qxa5 19. Nxe7+ Rxe7 20. Qe1 Qd8 21. Ra4 d5 22. Bxa7 Re6 23. Rxa6 Qf6 24. Nd2 c5 25. Ra4 Ra6 26. Rda1 Rxa4 27. Rxa4 d4 28. Ra5 h5 29. f3 Ra8 30. Ra1 Rc8 31. Kh2 h4 32. Ra5 Ra8 33. Kg2 Nf8 34. Nc4 Ne6 35. Bb6 Rc8 36. Qf2 Nf4+ 37. Kh2 Ne6 38. Ra1 Qf4+ 39. Kg2 Qf6 40. Ra7 Nf4+ 41. Kh2 Ne6 42. Ba5 Qf4+ 43. Kg2 Qf6 44. Be1 Nf4+ 45. Kh2 Ne6 46. Ra6 Rb8 47. Bd2 Qe7 48. Nxe5 Rxb2 49. Ra8+ 1-0

[Event "IECC CL2-2005.14 email"]
[Site "IECC email"]
[Date "2005.09.18"]
[Round "?"]
[White "Dayants, Vladimir"]
[Black "Lewis, Matthew"]
[Result "1-0"]
[WhiteElo "2083"]
[BlackElo "2045"]
[PlyCount "107"]
[EventDate "2005.??.??"]
[EventType "tourn (corr)"]
[EventRounds "4"]
[SourceTitle "Corr 2008"]
[Source "ChessBase"]
[SourceDate "2008.06.24"]
[SourceVersion "1"]
[SourceVersionDate "2008.06.24"]
[SourceQuality "1"]

1. e4 d6 2. d4 Nf6 3. Nc3 g6 4. Bf4 Bg7 5. Qd2 c6 6. Nf3 b5 7. a3 0-0 8. Be2 Bg4 9. h3 Bxf3 10. Bxf3 Nbd7 11. e5 dxe5 12. dxe5 Nh5 13. Bxh5 gxh5 14. Qe3 Nb6 15. Bh6 Bxh6 16. Qxh6 Nc4 17. 0-0 Nxe5 18. Rad1 Qe8 19. f4 Nc4 20. Qg5+ Kh8 21. Rfe1 Rg8 22. Qxe7 Qxe7 23. Rxe7 Nxb2 24. Rdd7 Rgf8 25. Ne4 Kg8 26. Nf6+ Kg7 27. Nxh5+ Kg8 28. Rc7 Nc4 29. Rxc6 a6 30. a4 Rfd8 31. g4 Kf8 32. Rcc7 Nd6 33. a5 Rac8 34. Kf2 Rxc7 35. Rxc7 Nc4 36. Nf6 h6 37. Nd7+ Ke8 38. Ne5 Nxe5 39. fxe5 Rd5 40. Rc6 b4 41. Rxa6 Rxe5 42. h4 Ke7 43. Kg3 h5 44. Ra8 hxg4 45. a6 Ra5 46. Kxg4 Kf6 47. Kf4 Ra2 48. a7 Ra4 49. Ke3 Kg7 50. Kd4 b3+ 51. c4 b2 52. Rb8 Rxa7 53. Rxb2 Kf8 54. Rh2 1-0

[Event "IECC CL1-2004.10 email"]
[Site "IECC email"]
[Date "2004.06.04"]
[Round "?"]
[White "Schiller, Wilfried"]
[Black "Dayants, Vladimir"]
[Result "1/2-1/2"]
[WhiteElo "2220"]
[BlackElo "2037"]
[PlyCount "87"]
[EventDate "2004.??.??"]
[EventType "tourn (corr)"]
[EventRounds "4"]
[SourceTitle "Corr 2008"]
[Source "ChessBase"]
[SourceDate "2008.06.24"]
[SourceVersion "1"]
[SourceVersionDate "2008.06.24"]
[SourceQuality "1"]

1. d4 Nf6 2. c4 g6 3. Nf3 Bg7 4. g3 0-0 5. Bg2 d6 6. 0-0 Nbd7 7. Nc3 c5 8. h3 Qa5 9. e3 a6 10. g4 h6 11. Qd3 b5 12. Ne5 dxe5 13. Bxa8 bxc4 14. Qd2 cxd4 15. exd4 exd4 16. Qxd4 Nb6 17. Bg2 Nfd5 18. Qe4 Nxc3 19. bxc3 Be6 20. Bd2 Bd5 21. Qe2 e6 22. Bxd5 exd5 23. Rad1 Na4 24. Qf3 Nb2 25. Rb1 Nd3 26. Be3 Bxc3 27. Bxh6 Ne5 28. Qg2 Rc8 29. f4 Qc5+ 30. Kh1 Nd3 31. f5 Qc6 32. Bg5 Be5 33. fxg6 fxg6 34. h4 Nc5 35. Bf4 Bg7 36. h5 Ne4 37. h6 g5 38. hxg7 gxf4 39. Qh2 Kxg7 40. Rxf4 Ng5 41. Rf5 d4+ 42. Kg1 Nf3+ 43. Rxf3 Qxf3 44. Qe5+ 1/2-1/2

[Event "IECC CL2-2004.10 email"]
[Site "IECC email"]
[Date "2004.03.24"]
[Round "?"]
[White "Dayants, Vladimir"]
[Black "Kleinsorgen, Horst M"]
[Result "1/2-1/2"]
[WhiteElo "2026"]
[BlackElo "2158"]
[PlyCount "82"]
[EventDate "2004.??.??"]
[EventType "tourn (corr)"]
[EventRounds "4"]
[SourceTitle "Corr 2008"]
[Source "ChessBase"]
[SourceDate "2008.06.24"]
[SourceVersion "1"]
[SourceVersionDate "2008.06.24"]
[SourceQuality "1"]

1. e4 c5 2. Nf3 e6 3. Nc3 a6 4. d4 cxd4 5. Nxd4 b5 6. Be3 Bb7 7. Bd3 Qc7 8. a3 Nf6 9. 0-0 Nc6 10. Qe2 Ne5 11. f4 Neg4 12. e5 Nxe3 13. Qxe3 Ng4 14. Qg3 f5 15. h3 Nh6 16. Kh2 0-0-0 17. Ndxb5 axb5 18. Nxb5 Qa5 19. b4 Qa4 20. Qe3 Kb8 21. Rfd1 g5 22. Bf1 Be7 23. Qb6 gxf4 24. Rac1 Rhg8 25. Qc7+ Ka8 26. Rxd7 Qxb5 27. Bxb5 Rxd7 28. Bxd7 Bd8 29. Qxb7+ Kxb7 30. Bxe6 Rg3 31. Bd5+ Kc8 32. a4 Bc7 33. e6 f3 34. gxf3 Rxf3+ 35. Kg2 Rg3+ 36. Kf1 Rxh3 37. Re1 Ng4 38. e7 Ne3+ 39. Kf2 Bg3+ 40. Kg1 Bh2+ 41. Kf2 Rg3 1/2-1/2

[Event "IECC CL2-2004.10 email"]
[Site "IECC email"]
[Date "2004.03.24"]
[Round "?"]
[White "Hoogervorst, Paul"]
[Black "Dayants, Vladimir"]
[Result "1/2-1/2"]
[WhiteElo "2177"]
[BlackElo "2018"]
[PlyCount "58"]
[EventDate "2004.??.??"]
[EventType "tourn (corr)"]
[EventRounds "4"]
[SourceTitle "Corr 2008"]
[Source "ChessBase"]
[SourceDate "2008.06.24"]
[SourceVersion "1"]
[SourceVersionDate "2008.06.24"]
[SourceQuality "1"]

1. e4 e5 2. Nf3 Nc6 3. Nc3 Nf6 4. g3 d5 5. exd5 Nxd5 6. Bg2 Nxc3 7. bxc3 Bc5 8. 0-0 0-0 9. Re1 Re8 10. d3 Bg4 11. h3 Bh5 12. Be3 Bb6 13. Qb1 f5 14. Qb5 Qf6 15. Rab1 Bf7 16. Ng5 Bg6 17. Nf3 e4 18. dxe4 fxe4 19. Ng5 Qxc3 20. Bxb6 axb6 21. Bxe4 Nd4 22. Qd5+ Kh8 23. Re3 c6 24. Qd6 Qd2 25. Qb4 Qxb4 26. Rxb4 c5 27. Rb2 Bxe4 28. Nxe4 Nf5 29. Rf3 Nd4 1/2-1/2

[Event "IECC CL3-2003.13 email"]
[Site "IECC email"]
[Date "2003.05.23"]
[Round "?"]
[White "Dayants, Vladimir"]
[Black "Holanda, Dogeval Ferreira"]
[Result "1-0"]
[WhiteElo "1986"]
[BlackElo "1832"]
[PlyCount "67"]
[EventDate "2003.??.??"]
[EventType "tourn (corr)"]
[EventRounds "4"]
[SourceTitle "Corr 2008"]
[Source "ChessBase"]
[SourceDate "2008.06.24"]
[SourceVersion "1"]
[SourceVersionDate "2008.06.24"]
[SourceQuality "1"]

1. e4 c5 2. Nf3 Nc6 3. Nc3 Nf6 4. Bb5 Nd4 5. e5 Nxb5 6. Nxb5 Nd5 7. Qe2 Nf4 8. Qe4 Ne6 9. 0-0 a6 10. Nc3 d6 11. d3 g6 12. exd6 Qxd6 13. Ng5 Qc6 14. Qxc6+ bxc6 15. Nxe6 Bxe6 16. b3 c4 17. bxc4 Bg7 18. Bd2 Rd8 19. Rfd1 Bc8 20. Rab1 Bd4 21. Ne2 Ba7 22. Be3 Bxe3 23. fxe3 e5 24. Rb6 Kd7 25. Rdb1 Rhe8 26. a4 f5 27. a5 Re6 28. Nc3 Rf8 29. Na4 Kd6 30. Rb8 f4 31. Kf2 g5 32. Ra8 Ree8 33. c5+ Ke6 34. Rbb8 1-0

[Event "IECC CL2-2002.29"]
[Site "IECC email"]
[Date "2002.11.07"]
[Round "?"]
[White "Cehajic, Mustafa"]
[Black "Dayants, Vladimir"]
[Result "1/2-1/2"]
[WhiteElo "2064"]
[BlackElo "1938"]
[PlyCount "69"]
[EventDate "2002.??.??"]
[EventType "tourn (corr)"]
[EventRounds "4"]
[SourceTitle "Corr 2008"]
[Source "ChessBase"]
[SourceDate "2008.06.24"]
[SourceVersion "1"]
[SourceVersionDate "2008.06.24"]
[SourceQuality "1"]

1. d4 Nf6 2. c4 g6 3. Nc3 Bg7 4. e4 0-0 5. e5 Ne8 6. Nf3 d6 7. Bf4 Bg4 8. h3 dxe5 9. Bxe5 Bxf3 10. Qxf3 Bxe5 11. dxe5 Nc6 12. Rd1 Qc8 13. Qe4 f6 14. exf6 Nxf6 15. Qe3 e5 16. Bd3 Qe6 17. 0-0 a6 18. Nd5 Rf7 19. Nxf6+ Qxf6 20. Be4 Re7 21. f3 Nd8 22. c5 c6 23. Bc2 Ne6 24. Bb3 Kg7 25. Bxe6 Qxe6 26. a3 Rae8 27. b4 Rd7 28. Rxd7+ Qxd7 29. Re1 Qd5 30. Qc3 Kf6 31. Re3 Rd8 32. f4 Qd4 33. fxe5+ Ke6 34. Qxd4 Rxd4 35. Kf2 1/2-1/2

[Event "IECC CL3-2002.29"]
[Site "IECC email"]
[Date "2002.08.25"]
[Round "?"]
[White "Koch, Martin"]
[Black "Dayants, Vladimir"]
[Result "0-1"]
[WhiteElo "1953"]
[BlackElo "1907"]
[PlyCount "62"]
[EventDate "2002.??.??"]
[EventType "tourn (corr)"]
[EventRounds "4"]
[SourceTitle "Corr 2008"]
[Source "ChessBase"]
[SourceDate "2008.06.24"]
[SourceVersion "1"]
[SourceVersionDate "2008.06.24"]
[SourceQuality "1"]

1. e4 e5 2. Nf3 Nc6 3. Bb5 g6 4. d4 exd4 5. Bg5 f6 6. Bh4 Bb4+ 7. c3 dxc3 8. Nxc3 Bxc3+ 9. bxc3 h5 10. h3 g5 11. Bg3 Nge7 12. e5 fxe5 13. Nxe5 d6 14. Nf3 g4 15. Qd4 0-0 16. Bxc6 bxc6 17. hxg4 Bxg4 18. Bh4 Qe8 19. 0-0-0 Nf5 20. Qd2 Qg6 21. Kb2 Rab8+ 22. Ka1 Rb5 23. Bg5 Rfb8 24. Rdg1 a5 25. Nh4 Nxh4 26. Bxh4 a4 27. f3 Be6 28. g4 hxg4 29. Bf2 Rb2 30. Qxb2 Rxb2 31. Kxb2 Qd3 0-1